|
|
|
|
| LEADER |
00688nta a2200169 i 4500 |
| 001 |
dipl80613 |
| 005 |
20191107084658.0 |
| 008 |
191107s2016 hu om 0|| zxx d |
| 040 |
|
|
|a SZTE Diploma Repozitórium
|b hun
|
| 041 |
|
|
|a zxx
|
| 100 |
1 |
|
|a Nyisztor Renáta
|
| 245 |
1 |
3 |
|a Az Apple mint státuszszimbólum. Az Apple márkaimázsának vizsgála
|h [elektronikus dokumentum] /
|c Renáta Nyisztor
|
| 246 |
1 |
0 |
|a Apple, as a status symbol. The examination of the brand image of Apple
|h [elektronikus dokumentum]
|
| 260 |
|
|
|c 2016
|
| 650 |
|
4 |
|a Gazdaságtudományok
|
| 700 |
1 |
|
|a Prónay Szabolcs
|e ths
|
| 856 |
4 |
0 |
|u http://diploma.bibl.u-szeged.hu/id/eprint/80613/1/2016_nyisztor_renata.pdf
|z Dokumentum-elérés
|